Left-wing extremism and human rights : (Record no. 88540)
[ view plain ]
| 000 -LEADER | |
|---|---|
| fixed length control field | 01303nam a22002297a 4500 |
| 005 - DATE AND TIME OF LATEST TRANSACTION | |
| control field | 20140917154222.0 |
| 010 ## - LCCN (DPL NO) | |
| LC control number | ENG-110827 |
| 020 ## - INTERNATIONAL STANDARD BOOK NUMBER | |
| International Standard Book Number | 9788132111580 |
| Terms of availability | 995.00 |
| 035 ## - SYSTEM CONTROL NUMBER | |
| System control number | EN-94359 |
| 037 ## - SOURCE OF ACQUISITION | |
| Source of stock number/acquisition | DBAD/PUB |
| 082 ## - DEWEY DECIMAL CLASSIFICATION NUMBER | |
| Classification number | 323.095484 |
| 100 ## - MAIN ENTRY--PERSONAL NAME | |
| Personal name | Thomas, K.V. |
| 245 ## - TITLE STATEMENT | |
| Title | Left-wing extremism and human rights : |
| Statement of responsibility, etc | by K.V. Thomas |
| Remainder of title | the role of civil liberties groups in Andhra Pradesh / |
| 260 ## - PUBLICATION, DISTRIBUTION, ETC. (IMPRINT) | |
| Place of publication, distribution, etc | New Delhi |
| Name of publisher, distributor, etc | SAGE Publications |
| Date of publication, distribution, etc | 2014 |
| 270 ## - ADDRESS | |
| Address | B1/I-1 Mohan Cooperative Industrial Area Mathura Road |
| City | New Delhi |
| Postal code | 110044 |
| 300 ## - PHYSICAL DESCRIPTION | |
| Extent | xix,287p. |
| Dimensions | 23cm(Hb) |
| 500 ## - GENERAL NOTE | |
| General note | Includes bibliographical references and index |
| 505 ## - FORMATTED CONTENTS NOTE | |
| Formatted contents note | Human rights : historical background and constitutional framework -- Human rights scenario in Andhra Pradesh : a ground-level study -- Left-wing extremism: a Pan-Indian scenario -- Left-wing extremism and human rights in Andhra Pradesh -- Human and civil rights of marginalized sections -- How to tackle left-wing extremism? -- Human rights NGOs and their increasing role -- Andhra Pradesh : a role model for civil liberties groups and NGOs -- A way ahead -- Conclusion. |
| 650 ## - SUBJECT ADDED ENTRY--TOPICAL TERM | |
| Topical term or geographic name as entry element | Human rights |
| Geographic subdivision | India |
| -- | Andhra Pradesh. |
| 650 ## - SUBJECT ADDED ENTRY--TOPICAL TERM | |
| Topical term or geographic name as entry element | Right and left (Political science) |
| Geographic subdivision | India |
| -- | Andhra Pradesh. |
| 942 ## - ADDED ENTRY ELEMENTS (KOHA) | |
| Source of classification or shelving scheme | Dewey Decimal Classification |
| Item type | English Books |
| Call number suffix | THO |
| Classification part | 323.095484 |
| Withdrawn status | Lost status | Not for loan | Collection code | Home library | Current library | Date acquired | Source of acquisition | Cost, normal purchase price | Full call number | Barcode | Copy number | Cost, replacement price | Koha item type |
|---|---|---|---|---|---|---|---|---|---|---|---|---|---|
| Not For Loan | Non-fiction | D.B.Act.Division | D.B.Act.Division | 11/09/2014 | DBAD/PUB | 995.00 | 323.095484 THO | EN-94359 | 1 | 995.00 | English Books |
